Central Library OPAC University of Rajshahi

Money / (Record no. 4088)

MARC details
000 -LEADER
fixed length control field 00793nam a22002532a 4500
001 - CONTROL NUMBER
control field 4088
003 - CONTROL NUMBER IDENTIFIER
rucl marc code BD-RjUL
005 - DATE AND TIME OF LATEST TRANSACTION
control field 20211208233830.0
008 - FIXED-LENGTH DATA ELEMENTS--GENERAL INFORMATION
fixed length control field 131221s1926 enk 000 0 eng u
035 ## - SYSTEM CONTROL NUMBER
System control number OCLC ocm00735746 from D960226M
-- (BD-RjUL)4122
040 ## - CATALOGING SOURCE
Original cataloging agency CSU
Modifying agency EQO
-- BD-RjUL
Language of cataloging eng
Transcribing agency BD-RjUL
041 ## - LANGUAGE CODE
Language code of text/sound track or separate title eng
082 04 - DEWEY DECIMAL CLASSIFICATION NUMBER
Edition number 18
Classification number 332.4
Author mark and year LEM 1948
100 1# - MAIN ENTRY--PERSONAL NAME
Personal name Lehfeldt, Robert Alfred,
Dates associated with a name 1868-1927.
9 (RLIN) 12984
245 10 - TITLE STATEMENT
Title Money /
Statement of responsibility, etc. by R. A. Lehfeldt
260 ## - PUBLICATION, DISTRIBUTION, ETC. (IMPRINT)
Place of publication, distribution, etc. London :
Name of publisher, distributor, etc. Oxford University Press, H. Milford,
Date of publication, distribution, etc. 1926
300 ## - PHYSICAL DESCRIPTION
Pagination 116p. :
Illustrations ill. ;
Size 19cm
490 1# - SERIES STATEMENT
Series statement Lettered on cover: The world's manuals
504 ## - BIBLIOGRAPHY, ETC. NOTE
Bibliography, etc "Some books recommended": p.112
650 #0 - SUBJECT ADDED ENTRY--TOPICAL TERM
Topical term or geographic name as entry element Money
9 (RLIN) 12986
830 #0 - SERIES ADDED ENTRY--UNIFORM TITLE
Uniform title Lettered on cover: The world's manuals
942 ## - ADDED ENTRY ELEMENTS (KOHA)
Source of classification or shelving scheme Dewey Decimal Classification
Koha item type Books
Holdings
Lost status Source of classification or shelving scheme Damaged status Not for loan Collection code Permanent Location Current Location Shelving location Date acquired Source of acquisition Cost, normal purchase price Total Checkouts Full call number Date last seen Copy number Koha item type
  Dewey Decimal Classification   Not For Loan Non-fiction Central Library, University of Rajshahi Central Library, University of Rajshahi Reading Room 01/08/1955 O. U. P. 2.80   332.4 LEM 1948 21/12/2013 C-1 Books